[Event "ODJM B 2022"]
[Site "Willingen GER"]
[Date "2022.06.08"]
[Round "6"]
[White "Maul, Maik Joel"]
[Black "Stülcken, Philipp"]
[Result "1-0"]
[Termination "normal"]
[Board "1"]
[WhiteElo "1532"]
[BlackElo "1513"]
[WhiteClock "01:01:18"]
[BlackClock "00:48:05"]
[PlyCount "49"]
[WhiteFideId "16204816"]
[BlackFideId "12986232"]
[EventCountry "GER"]
[EventRounds "9"]
[EventType "swiss"]
[EventDate "2022.06.04"]

1. d4 {[%clk 1:30:57]} Nf6 {[%clk 1:30:41]} 2. Nc3 {[%clk 1:31:24]} d5 {[%clk
1:30:46]} 3. Bf4 {[%clk 1:31:50]} a6 {[%clk 1:30:43]} 4. e3 {[%clk 1:32:12]} e6
{[%clk 1:30:43]} 5. Nf3 {[%clk 1:32:34]} Bd6 {[%clk 1:30:27]} 6. Ne5 {[%clk
1:27:17]} O-O {[%clk 1:29:19]} 7. Bd3 {[%clk 1:26:12]} c5 {[%clk 1:27:17]} 8.
dxc5 {[%clk 1:26:03]} Bxc5 {[%clk 1:27:18]} 9. O-O {[%clk 1:26:01]} Nbd7 {[%clk
1:25:01]} 10. e4 {[%clk 1:23:24]} Nxe5 {[%clk 1:14:14]} 11. Bxe5 {[%clk
1:22:01]} Bd6 {[%clk 1:06:41]} 12. Bxf6 {[%clk 1:19:15]} Qxf6 {[%clk 1:01:18]}
13. exd5 {[%clk 1:19:30]} exd5 {[%clk 1:01:27]} 14. Qh5 {[%clk 1:19:36]} g6
{[%clk 0:59:34]} 15. Qxd5 {[%clk 1:16:34]} Bc7 {[%clk 0:59:10]} 16. Qc4 {[%clk
1:13:46]} Qe5 {[%clk 0:56:12]} 17. f4 {[%clk 1:13:23]} Bb6+ {[%clk 0:55:20]}
18. Kh1 {[%clk 1:12:27]} Qh5 {[%clk 0:55:39]} 19. Nd5 {[%clk 1:07:54]} Bd8
{[%clk 0:55:16]} 20. f5 {[%clk 1:05:16]} g5 {[%clk 0:51:48]} 21. Rae1 {[%clk
1:02:55]} b5 {[%clk 0:50:40]} 22. Qc6 {[%clk 1:01:50]} Rb8 {[%clk 0:49:44]} 23.
Re8 {[%clk 1:00:53]} Bb7 24. Rxf8+ {[%clk 1:00:59]} Kxf8 {[%clk 0:48:05]} 25.
Qd6+ {[%clk 1:01:18]} 1-0

[Event "ODJM B 2022"]
[Site "Willingen GER"]
[Date "2022.06.08"]
[Round "6"]
[White "John, Niklas"]
[Black "Kalina, Lena"]
[Result "0-1"]
[Termination "normal"]
[Board "2"]
[WhiteElo "1563"]
[BlackElo "1735"]
[WhiteClock "00:22:52"]
[BlackClock "00:22:53"]
[PlyCount "98"]
[WhiteFideId "16234626"]
[BlackFideId "12988014"]
[EventCountry "GER"]
[EventRounds "9"]
[EventType "swiss"]
[EventDate "2022.06.04"]

1. e4 {[%clk 1:30:57]} c5 {[%clk 1:30:54]} 2. Nf3 {[%clk 1:31:17]} Nc6 {[%clk
1:31:20]} 3. d4 {[%clk 1:31:34]} cxd4 {[%clk 1:31:45]} 4. Nxd4 {[%clk 1:31:49]}
g6 {[%clk 1:31:41]} 5. c4 {[%clk 1:31:09]} Nf6 {[%clk 1:30:54]} 6. Nc3 {[%clk
1:30:38]} d6 {[%clk 1:29:37]} 7. Be2 {[%clk 1:27:29]} Bg7 {[%clk 1:27:08]} 8.
Be3 {[%clk 1:21:07]} O-O {[%clk 1:26:48]} 9. O-O {[%clk 1:20:56]} a5 {[%clk
1:22:03]} 10. f3 {[%clk 1:13:48]} Nd7 {[%clk 1:18:01]} 11. Ndb5 {[%clk
1:07:53]} Nc5 {[%clk 1:11:31]} 12. Qd2 {[%clk 1:04:33]} a4 {[%clk 1:09:48]} 13.
Rfd1 {[%clk 1:02:06]} Be6 {[%clk 1:07:55]} 14. Bh6 {[%clk 0:48:56]} Na5 {[%clk
1:01:32]} 15. Bxg7 {[%clk 0:45:29]} Kxg7 {[%clk 1:00:37]} 16. Rac1 {[%clk
0:36:00]} Kg8 {[%clk 0:57:21]} 17. Nd5 {[%clk 0:33:48]} Nc6 {[%clk 0:47:12]}
18. Qg5 {[%clk 0:23:29]} Bxd5 {[%clk 0:38:24]} 19. cxd5 {[%clk 0:22:33]} Ne5
{[%clk 0:34:37]} 20. Nd4 {[%clk 0:15:47]} f6 {[%clk 0:29:28]} 21. Qg3 {[%clk
0:14:29]} Qb6 {[%clk 0:28:22]} 22. Kh1 {[%clk 0:06:05]} Qxb2 {[%clk 0:25:33]}
23. Rc2 {[%clk 0:06:09]} Qb6 {[%clk 0:25:35]} 24. Qh4 {[%clk 0:01:14]} Ncd3
{[%clk 0:20:44]} 25. Bxd3 {[%clk 0:00:59]} Nxd3 {[%clk 0:19:10]} 26. Rcd2
{[%clk 0:01:08]} Qxd4 {[%clk 0:18:40]} 27. Rxd3 {[%clk 0:01:31]} Qb2 {[%clk
0:18:13]} 28. R3d2 {[%clk 0:01:49]} Qb4 {[%clk 0:17:02]} 29. Qh3 {[%clk
0:01:45]} f5 {[%clk 0:11:19]} 30. exf5 {[%clk 0:00:44]} Rxf5 {[%clk 0:11:41]}
31. Rd4 {[%clk 0:00:43]} Qb5 {[%clk 0:10:40]} 32. Qh4 {[%clk 0:00:34]} Qd7
{[%clk 0:08:52]} 33. h3 {[%clk 0:00:48]} b5 {[%clk 0:07:19]} 34. Re1 {[%clk
0:00:55]} Re8 {[%clk 0:06:07]} 35. Rde4 {[%clk 0:01:05]} Rh5 {[%clk 0:04:21]}
36. Qg4 {[%clk 0:00:40]} Qxg4 {[%clk 0:04:04]} 37. fxg4 {[%clk 0:00:44]} Rxd5
{[%clk 0:03:49]} 38. Rxe7 {[%clk 0:01:03]} Rxe7 {[%clk 0:04:11]} 39. Rxe7
{[%clk 0:01:29]} Rd2 {[%clk 0:03:22]} 40. a3 {[%clk 0:01:30]} Rd3 {[%clk
0:02:59]} 41. Rb7 {[%clk 0:01:35]} Rxa3 {[%clk 0:02:02]} 42. Rxb5 {[%clk
0:01:58]} Rd3 {[%clk 0:01:37]} 43. Ra5 {[%clk 0:01:39]} a3 {[%clk 0:01:58]} 44.
Kg1 {[%clk 0:01:45]} Kf7 {[%clk 0:29:56]} 45. Kf2 {[%clk 0:30:30]} Rb3 {[%clk
0:28:54]} 46. Ke1 {[%clk 0:28:13]} Ke6 {[%clk 0:27:57]} 47. Kd1 {[%clk
0:24:49]} d5 {[%clk 0:27:43]} 48. Kc2 {[%clk 0:24:19]} Rg3 {[%clk 0:26:20]} 49.
Kb1 {[%clk 0:22:52]} Rc3 {[%clk 0:22:53]} 0-1

[Event "ODJM B 2022"]
[Site "Willingen GER"]
[Date "2022.06.08"]
[Round "6"]
[White "Türel, Tugrul"]
[Black "Visvikis, Kassandra"]
[Result "1-0"]
[Termination "normal"]
[Board "3"]
[WhiteElo "1206"]
[BlackElo "1626"]
[WhiteClock "01:29:19"]
[BlackClock "00:58:09"]
[PlyCount "43"]
[WhiteFideId "26338408"]
[BlackFideId "36052167"]
[EventCountry "GER"]
[EventRounds "9"]
[EventType "swiss"]
[EventDate "2022.06.04"]

1. e4 {[%clk 1:30:57]} e5 {[%clk 1:30:54]} 2. Nf3 {[%clk 1:31:22]} Nc6 {[%clk
1:31:20]} 3. Bc4 {[%clk 1:31:46]} Bc5 {[%clk 1:31:44]} 4. c3 {[%clk 1:32:12]}
Nf6 {[%clk 1:32:03]} 5. d4 {[%clk 1:32:36]} exd4 {[%clk 1:32:17]} 6. cxd4
{[%clk 1:33:02]} Bb4+ {[%clk 1:32:33]} 7. Nc3 {[%clk 1:33:27]} Nxe4 {[%clk
1:32:29]} 8. O-O {[%clk 1:33:52]} Bxc3 {[%clk 1:32:44]} 9. d5 {[%clk 1:34:18]}
Bf6 {[%clk 1:32:48]} 10. Re1 {[%clk 1:34:43]} Ne7 {[%clk 1:33:02]} 11. Rxe4
{[%clk 1:35:08]} d6 {[%clk 1:33:22]} 12. g4 {[%clk 1:35:34]} g5 {[%clk
1:06:00]} 13. Bxg5 {[%clk 1:35:45]} Bxg5 {[%clk 1:06:23]} 14. Nxg5 {[%clk
1:36:11]} h6 {[%clk 1:06:44]} 15. Nf3 {[%clk 1:32:09]} Rg8 {[%clk 1:03:55]} 16.
Kh1 {[%clk 1:30:27]} Bxg4 {[%clk 1:01:36]} 17. Qe2 {[%clk 1:30:32]} Bh3 {[%clk
0:59:47]} 18. Nh4 {[%clk 1:30:43]} Kd7 {[%clk 0:58:48]} 19. Qf3 {[%clk
1:30:05]} f5 {[%clk 0:58:02]} 20. Qxh3 {[%clk 1:30:27]} Qf8 {[%clk 0:57:45]}
21. Rae1 {[%clk 1:29:49]} Re8 {[%clk 0:58:09]} 22. Nxf5 {[%clk 1:29:19]} 1-0

[Event "ODJM B 2022"]
[Site "Willingen GER"]
[Date "2022.06.08"]
[Round "6"]
[White "Schilay, Maria"]
[Black "Wechtenbruch, Jamie"]
[Result "1/2-1/2"]
[Termination "normal"]
[Board "7"]
[WhiteElo "1568"]
[BlackElo "1489"]
[WhiteClock "00:16:56"]
[BlackClock "00:37:38"]
[PlyCount "90"]
[WhiteFideId "12942979"]
[BlackFideId "16267737"]
[EventCountry "GER"]
[EventRounds "9"]
[EventType "swiss"]
[EventDate "2022.06.04"]

1. e4 {[%clk 1:30:56]} e5 {[%clk 1:30:54]} 2. Nf3 {[%clk 1:31:19]} Nc6 {[%clk
1:31:23]} 3. Nc3 {[%clk 1:31:36]} Nf6 {[%clk 1:31:07]} 4. a3 {[%clk 1:31:43]}
Bc5 {[%clk 1:31:18]} 5. Nxe5 {[%clk 1:31:26]} Nxe5 {[%clk 1:19:17]} 6. d4
{[%clk 1:30:10]} Bxd4 {[%clk 1:19:41]} 7. Qxd4 {[%clk 1:30:31]} Nc6 {[%clk
1:20:06]} 8. Qd3 {[%clk 1:30:37]} d6 {[%clk 1:19:47]} 9. Bg5 {[%clk 1:30:15]}
Be6 {[%clk 1:18:12]} 10. f4 {[%clk 1:27:49]} Qe7 {[%clk 1:07:43]} 11. O-O-O
{[%clk 1:25:20]} O-O-O {[%clk 1:01:22]} 12. Qe3 {[%clk 1:06:47]} h6 {[%clk
0:53:00]} 13. Bh4 {[%clk 1:06:34]} Kb8 {[%clk 0:41:32]} 14. h3 {[%clk 0:58:49]}
a6 {[%clk 0:28:58]} 15. g3 {[%clk 0:51:09]} Rde8 {[%clk 0:28:31]} 16. Bg2
{[%clk 0:48:27]} Bc8 {[%clk 0:23:36]} 17. Rhe1 {[%clk 0:44:18]} Qf8 {[%clk
0:22:30]} 18. Bxf6 {[%clk 0:41:05]} gxf6 19. Qd3 {[%clk 0:39:40]} Rd8 {[%clk
0:21:21]} 20. Nd5 {[%clk 0:38:48]} Qg7 {[%clk 0:20:14]} 21. Qc3 {[%clk
0:37:59]} Rhg8 {[%clk 0:19:27]} 22. Nxf6 {[%clk 0:33:51]} Qxg3 {[%clk 0:19:27]}
23. Nxg8 {[%clk 0:32:54]} Qxf4+ {[%clk 0:18:33]} 24. Qd2 {[%clk 0:29:12]} Qxd2+
{[%clk 0:18:31]} 25. Rxd2 {[%clk 0:29:35]} Rxg8 {[%clk 0:18:54]} 26. Rf1 {[%clk
0:27:24]} Ne5 {[%clk 0:17:49]} 27. Rf6 {[%clk 0:25:58]} Rh8 {[%clk 0:15:46]}
28. Rdf2 {[%clk 0:22:53]} Be6 {[%clk 0:15:52]} 29. Bf1 {[%clk 0:19:33]} h5
{[%clk 0:15:08]} 30. Rh2 {[%clk 0:14:15]} Kc8 {[%clk 0:14:12]} 31. Be2 {[%clk
0:10:23]} Kd7 {[%clk 0:14:26]} 32. Rff2 {[%clk 0:09:25]} Ke7 {[%clk 0:14:37]}
33. Rfg2 {[%clk 0:09:22]} Kf6 {[%clk 0:14:15]} 34. h4 {[%clk 0:08:55]} Ng4
{[%clk 0:13:05]} 35. Rh1 {[%clk 0:07:58]} Ke5 {[%clk 0:13:04]} 36. Bd3 {[%clk
0:05:53]} c5 {[%clk 0:12:24]} 37. c4 {[%clk 0:02:27]} Rh6 {[%clk 0:11:34]} 38.
Kd2 {[%clk 0:01:39]} Kd4 {[%clk 0:11:23]} 39. b3 {[%clk 0:00:55]} Rf6 {[%clk
0:11:48]} 40. Re1 {[%clk 0:00:51]} Rf3 {[%clk 0:10:46]} 41. Bc2 {[%clk
0:29:47]} Rh3 {[%clk 0:40:48]} 42. Ree2 {[%clk 0:25:26]} Ke5 {[%clk 0:40:46]}
43. Re1 {[%clk 0:20:33]} b6 {[%clk 0:38:06]} 44. a4 {[%clk 0:18:56]} a5 {[%clk
0:37:38]} 45. Rgg1 {[%clk 0:16:56]} Rxh4 1/2-1/2

[Event "ODJM B 2022"]
[Site "Willingen GER"]
[Date "2022.06.08"]
[Round "6"]
[White "Tornay, Aritz"]
[Black "Andrade, Ruben"]
[Result "1-0"]
[Termination "normal"]
[Board "9"]
[WhiteElo "1765"]
[BlackElo "1694"]
[WhiteClock "00:26:39"]
[BlackClock "00:25:36"]
[PlyCount "51"]
[WhiteFideId "16205740"]
[BlackFideId "16246829"]
[EventCountry "GER"]
[EventRounds "9"]
[EventType "swiss"]
[EventDate "2022.06.04"]

1. c4 {[%clk 1:30:57]} f5 {[%clk 1:30:57]} 2. g3 {[%clk 1:31:22]} Nf6 {[%clk
1:31:24]} 3. Bg2 {[%clk 1:31:47]} g6 {[%clk 1:31:52]} 4. Nc3 {[%clk 1:32:04]}
Bg7 {[%clk 1:32:18]} 5. d3 {[%clk 1:32:23]} O-O {[%clk 1:32:38]} 6. e4 {[%clk
1:32:38]} fxe4 {[%clk 1:29:31]} 7. dxe4 {[%clk 1:32:56]} e5 {[%clk 1:22:50]} 8.
Nge2 {[%clk 1:31:20]} d6 {[%clk 1:15:02]} 9. O-O {[%clk 1:30:28]} Be6 {[%clk
1:14:37]} 10. Nd5 {[%clk 1:27:31]} c5 {[%clk 1:10:07]} 11. Bg5 {[%clk 1:23:03]}
h6 {[%clk 1:08:05]} 12. Nxf6+ {[%clk 1:22:29]} Bxf6 {[%clk 1:08:28]} 13. Bxh6
{[%clk 1:21:26]} Rf7 {[%clk 1:08:38]} 14. Qd3 {[%clk 1:15:12]} Rh7 {[%clk
0:56:49]} 15. Bd2 {[%clk 1:08:50]} Qe7 {[%clk 0:52:08]} 16. f4 {[%clk 1:03:06]}
Bh3 {[%clk 0:51:20]} 17. fxe5 {[%clk 1:02:45]} dxe5 {[%clk 0:51:23]} 18. Bxh3
{[%clk 1:00:19]} Rxh3 {[%clk 0:51:45]} 19. Qf3 {[%clk 1:00:20]} Nd7 {[%clk
0:50:07]} 20. Qg4 {[%clk 0:48:48]} Qh7 {[%clk 0:48:15]} 21. Rf2 {[%clk
0:49:03]} Re8 {[%clk 0:43:12]} 22. Raf1 {[%clk 0:47:55]} Kh8 {[%clk 0:36:34]}
23. Nc3 {[%clk 0:44:39]} Rd8 {[%clk 0:30:12]} 24. Nd5 {[%clk 0:40:33]} Qh5
{[%clk 0:25:55]} 25. Qe6 {[%clk 0:26:26]} Bg7 {[%clk 0:25:36]} 26. Qe7 {[%clk
0:26:39]} 1-0

[Event "ODJM B 2022"]
[Site "Willingen GER"]
[Date "2022.06.08"]
[Round "6"]
[White "Glotz, Richard"]
[Black "Ermert, Karl Hans Ragnar"]
[Result "1/2-1/2"]
[Termination "normal"]
[Board "13"]
[WhiteElo "1607"]
[BlackElo "1662"]
[PlyCount "114"]
[WhiteFideId "34601520"]
[BlackFideId "16275675"]
[EventCountry "GER"]
[EventRounds "9"]
[EventType "swiss"]
[EventDate "2022.06.04"]

1. e4 e6 2. d4 d5 3. Nc3 Nf6 4. e5 Nfd7 5. Nce2 c5 6. c3 Nc6 7. f4 Qb6 8. Nf3
f6 9. a3 Na5 10. b4 cxb4 11. cxb4 Nc4 12. Nc3 Qc6 13. Bd2 Ndb6 14. h4 Bd7 15.
g4 Rc8 16. Rc1 Nxd2 17. Qxd2 Nc4 18. Bxc4 Qxc4 19. Ne2 Qb3 20. Rxc8+ Bxc8 21.
Qc3 Qxc3+ 22. Nxc3 Bd7 23. Ke2 Be7 24. Ke3 Kf7 25. Rc1 Rc8 26. Ne2 Rc4 27. Nd2
Rxc1 28. Nxc1 fxe5 29. dxe5 a5 30. bxa5 Bxa3 31. Nd3 Kg6 32. h5+ Kf7 33. Nb3
Be7 34. Nbc5 Bc8 35. Kf3 Bd8 36. Nb3 b6 37. axb6 Bxb6 38. Ndc5 Ke7 39. g5 Kd8
40. h6 g6 41. Nd3 Kd7 42. Nf2 Ba6 43. Ng4 d4 44. Nf6+ Ke7 45. Nxh7 d3 46. Nf6
Kf7 47. Ne8 Bb7+ 48. Kg3 Kg8 49. Nf6+ Kh8 50. Nd7 Bd5 51. Nd2 Ba5 52. Nf1 Be1+
53. Kh2 d2 54. Nxd2 Bxd2 55. Kg3 Be4 56. Nf6 Be1+ 57. Kh2 Bf5 1/2-1/2

[Event "ODJM B 2022"]
[Site "Willingen GER"]
[Date "2022.06.08"]
[Round "6"]
[White "Birkenheier, Nicolas"]
[Black "Brunner, Alexander"]
[Result "1-0"]
[Termination "normal"]
[Board "14"]
[WhiteElo "1350"]
[BlackElo "1666"]
[PlyCount "87"]
[WhiteFideId "16287100"]
[BlackFideId "12965278"]
[EventCountry "GER"]
[EventRounds "9"]
[EventType "swiss"]
[EventDate "2022.06.04"]

1. e4 d5 2. exd5 Qxd5 3. Nc3 Qa5 4. Bc4 Nf6 5. d3 Bg4 6. f3 Bh5 7. Bd2 c6 8.
Qe2 Qc7 9. g4 Bg6 10. h3 Nbd7 11. f4 h5 12. g5 Nh7 13. Nf3 O-O-O 14. O-O-O b5
15. Bb3 a5 16. a4 Nc5 17. Ne5 b4 18. Ne4 Bxe4 19. dxe4 Nxb3+ 20. cxb3 e6 21.
Qa6+ Qb7 22. Qxb7+ Kxb7 23. Nxf7 Bc5 24. Nxh8 Rxh8 25. Rhe1 Nf8 26. Be3 Bxe3+
27. Rxe3 Kc7 28. f5 e5 29. Rf3 Nd7 30. f6 gxf6 31. gxf6 Nc5 32. f7 Rf8 33. Rg1
Kd6 34. Rg8 Ke7 35. Rxf8 Kxf8 36. Rf5 Nxb3+ 37. Kd1 Nc5 38. Rxe5 Nd3 39. Rxa5
Nxb2+ 40. Kc2 Nc4 41. Rc5 Nd6 42. Rxc6 Nxe4 43. a5 Nc3 44. Rxc3 1-0

[Event "ODJM B 2022"]
[Site "Willingen GER"]
[Date "2022.06.08"]
[Round "6"]
[White "Müller, Anker"]
[Black "Bouhadjer, Youcef"]
[Result "1/2-1/2"]
[Termination "normal"]
[Board "16"]
[WhiteElo "1509"]
[BlackElo "1630"]
[PlyCount "146"]
[WhiteFideId "1472070"]
[BlackFideId "16251539"]
[EventCountry "GER"]
[EventRounds "9"]
[EventType "swiss"]
[EventDate "2022.06.04"]

1. e4 e6 2. d4 d5 3. exd5 exd5 4. c4 dxc4 5. Bxc4 Nf6 6. Nf3 Bb4+ 7. Nc3 O-O 8.
O-O Bg4 9. Be3 c6 10. h3 Bh5 11. a3 Ba5 12. b4 Bc7 13. Re1 Qd6 14. g3 Qd7 15.
Bf1 Nd5 16. Nxd5 Qxd5 17. Bg2 Qd6 18. Bf4 Qd8 19. Bxc7 Qxc7 20. Re5 Bg6 21. h4
f6 22. Re3 Bh5 23. Rc1 Qd8 24. Rc5 Bf7 25. Qe2 Nd7 26. Rc1 Nb6 27. Re7 Rb8 28.
Re3 Nd5 29. Rd3 Re8 30. Qb2 Qd7 31. a4 a6 32. Nd2 Re2 33. Bf3 Re7 34. Ne4 Rbe8
35. Nc5 Qh3 36. Rdd1 Qf5 37. Kg2 Bh5 38. Qb3 Qxf3+ 39. Qxf3 Bxf3+ 40. Kxf3 Nxb4
41. a5 Nd5 42. Rd2 Rb8 43. Rb2 Kf7 44. Nxa6 Ra8 45. Nc5 Rxa5 46. Nxb7 Rb5 47.
Nd6+ Ke6 48. Nxb5 cxb5 49. Re1+ Kd6 50. Rxe7 Nxe7 51. Rxb5 Nd5 52. Rxd5+ Kxd5
53. Ke3 h5 54. f3 g6 55. f4 Kd6 56. Ke4 f5+ 57. Ke3 Kc6 58. Kd3 Kd5 59. Kc3 Ke4
60. Kc4 Kf3 61. d5 Kxg3 62. d6 Kxh4 63. d7 Kg4 64. d8=Q Kxf4 65. Qh4+ Ke3 66.
Qg3+ Ke2 67. Qg2+ Ke3 68. Qxg6 f4 69. Qg1+ Ke2 70. Qg2+ Ke3 71. Qf1 f3 72. Kd5
f2 73. Ke5 Kf3 1/2-1/2

[Event "ODJM B 2022"]
[Site "Willingen GER"]
[Date "2022.06.08"]
[Round "6"]
[White "Kanno, Clara Yumi"]
[Black "Schwarz, David"]
[Result "0-1"]
[Termination "normal"]
[Board "19"]
[WhiteElo "1182"]
[BlackElo "1244"]
[PlyCount "66"]
[WhiteFideId "16259661"]
[BlackFideId "16287614"]
[EventCountry "GER"]
[EventRounds "9"]
[EventType "swiss"]
[EventDate "2022.06.04"]

1. d4 d5 2. Bf4 Nf6 3. e3 c5 4. c3 Nc6 5. Bd3 Qb6 6. Qc2 e6 7. Nd2 Bd7 8. h3
Rc8 9. Ngf3 cxd4 10. exd4 Nb4 11. Qb1 Nxd3+ 12. Qxd3 Qxb2 13. Rb1 Qxc3 14. Qe2
Qc1+ 15. Qd1 Qxd1+ 16. Kxd1 Ba3 17. Ke2 b6 18. Ne5 Ba4 19. f3 O-O 20. g4 Nd7
21. g5 Nxe5 22. dxe5 Bc2 23. Rbg1 Bf5 24. h4 Rc2 25. h5 Rfc8 26. Rg2 Rxa2 27.
g6 fxg6 28. h6 gxh6 29. Rxh6 Bc5 30. Rgh2 Rc7 31. R2h4 Bf8 32. Bg5 Bxh6 33.
Rxh6 a5 0-1

[Event "ODJM B 2022"]
[Site "Willingen GER"]
[Date "2022.06.08"]
[Round "6"]
[White "Hartwig, Eric-Jordan"]
[Black "Sari, Reber Furkan"]
[Result "0-1"]
[Termination "normal"]
[Board "20"]
[WhiteElo "1510"]
[BlackElo "1292"]
[PlyCount "58"]
[WhiteFideId "16298454"]
[BlackFideId "34623507"]
[EventCountry "GER"]
[EventRounds "9"]
[EventType "swiss"]
[EventDate "2022.06.04"]

1. e4 c5 2. g3 Nc6 3. Bg2 e5 4. Ne2 g6 5. d3 Nge7 6. O-O Bg7 7. c3 O-O 8. a4 d5
9. f4 d4 10. fxe5 Nxe5 11. cxd4 cxd4 12. b3 N7c6 13. Ba3 Re8 14. Nf4 Ng4 15.
Nd5 Ne3 16. Nxe3 dxe3 17. Ra2 Qb6 18. Kh1 Be6 19. Re2 Bxb3 20. Qc1 Bd4 21. Nc3
Ne5 22. Nd5 Bxd5 23. exd5 Nxd3 24. Qc2 Nf2+ 25. Kg1 Rac8 26. Qa2 Bc5 27. Rb1
Qa6 28. Bc1 Nd1 29. Qc2 Nc3 0-1

[Event "ODJM B 2022"]
[Site "Willingen GER"]
[Date "2022.06.08"]
[Round "6"]
[White "Schotthöfer, Samira"]
[Black "Rotärmel, Leonie"]
[Result "0-1"]
[Termination "normal"]
[Board "21"]
[WhiteElo "1304"]
[BlackElo "1486"]
[PlyCount "94"]
[WhiteFideId "16243455"]
[BlackFideId "16281390"]
[EventCountry "GER"]
[EventRounds "9"]
[EventType "swiss"]
[EventDate "2022.06.04"]

1. d4 Nf6 2. Nf3 g6 3. Bg5 Bg7 4. e3 d6 5. Be2 O-O 6. O-O Nbd7 7. c4 e5 8. Nc3
exd4 9. exd4 Re8 10. b4 a6 11. Rc1 Nb6 12. c5 dxc5 13. bxc5 Nbd5 14. Bc4 Be6
15. Qb3 Nxc3 16. Rxc3 Bxc4 17. Qxc4 Qd5 18. Rb1 Qxc4 19. Rxc4 Ra7 20. Rcb4 Ne4
21. Bf4 Nc3 22. Rxb7 Rxb7 23. Rxb7 Ne2+ 24. Kf1 Nxf4 25. Rxc7 Rb8 26. Re7 Rb1+
27. Re1 Rxe1+ 28. Kxe1 Nxg2+ 29. Kd2 Kf8 30. Kd3 Nf4+ 31. Ke4 Ne6 32. Kd5 Ke7
33. c6 Bxd4 34. Nxd4 Nxd4 35. c7 Kd7 36. Kxd4 Kxc7 37. Ke5 Kd7 38. Kf6 Ke8 39.
h4 h6 40. f4 a5 41. a4 Kf8 42. Ke5 Ke7 43. f5 f6+ 44. Kf4 g5+ 45. hxg5 fxg5+
46. Ke5 g4 47. Kf4 h5 0-1

[Event "ODJM B 2022"]
[Site "Willingen GER"]
[Date "2022.06.08"]
[Round "6"]
[White "Kullmann, Theo"]
[Black "Schilay, Eva"]
[Result "1/2-1/2"]
[Termination "normal"]
[Board "22"]
[WhiteElo "1506"]
[BlackElo "1691"]
[PlyCount "118"]
[WhiteFideId "16218582"]
[BlackFideId "12930164"]
[EventCountry "GER"]
[EventRounds "9"]
[EventType "swiss"]
[EventDate "2022.06.04"]

1. e4 e5 2. Nf3 Nc6 3. d4 d6 4. Bb5 Bg4 5. d5 a6 6. dxc6 axb5 7. cxb7 Rb8 8.
Qd5 Qd7 9. Qb3 Nf6 10. Nbd2 Be7 11. a4 Rxb7 12. a5 Qc6 13. Qe3 O-O 14. c3 b4
15. O-O Ra8 16. Re1 bxc3 17. Qxc3 Qxc3 18. bxc3 Rba7 19. Nc4 Be6 20. Nfd2 Nd7
21. Ba3 Bg5 22. Reb1 Bxd2 23. Nxd2 Rxa5 24. Bb2 Rxa1 25. Rxa1 Rxa1+ 26. Bxa1
Nc5 27. f3 f5 28. Kf2 Kf7 29. Ke3 Ke7 30. g3 g5 31. exf5 Bxf5 32. Ne4 Ne6 33.
c4 Kd7 34. Bb2 Kc6 35. Kd3 g4 36. Ke3 gxf3 37. Nd2 Nc5 38. Nxf3 Na4 39. Ba3 Nb6
40. Nd2 h6 41. Bb2 Kd7 42. Bc3 Ke6 43. Ba5 Kd7 44. Ke2 d5 45. Bxb6 cxb6 46.
cxd5 Kd6 47. Nc4+ Kc5 48. Nxe5 Kxd5 49. Nf7 h5 50. Ng5 Ke5 51. Nf3+ Kf6 52. Nd4
Bd7 53. Nc2 Kf5 54. h3 Kg5 55. g4 Bxg4+ 56. hxg4 hxg4 57. Kf2 Kf4 58. Nb4 b5
59. Na6 g3+ 1/2-1/2

[Event "ODJM B 2022"]
[Site "Willingen GER"]
[Date "2022.06.08"]
[Round "6"]
[White "Frydel, Marcel"]
[Black "Meitzner, Johan Eduard"]
[Result "1-0"]
[Termination "normal"]
[Board "24"]
[WhiteElo "1251"]
[BlackElo "1396"]
[PlyCount "69"]
[WhiteFideId "16245733"]
[BlackFideId "34623612"]
[EventCountry "GER"]
[EventRounds "9"]
[EventType "swiss"]
[EventDate "2022.06.04"]

1. e4 e5 2. Nf3 Nc6 3. Nc3 Nf6 4. d4 exd4 5. Nxd4 Bb4 6. Nxc6 bxc6 7. Bd3 d5 8.
exd5 cxd5 9. O-O O-O 10. Bg5 c6 11. Ne2 h6 12. Bh4 Bd6 13. Nd4 Bb7 14. c3 Bb8
15. Qb3 Qc7 16. Bg3 Qc8 17. Bf5 Nd7 18. Bxb8 Rxb8 19. Qa4 Qc7 20. Bxd7 Qxd7 21.
Qxa7 c5 22. Qxc5 Rfc8 23. Qa3 Rc7 24. Rfd1 Bc8 25. b4 Qg4 26. Rd3 Re7 27. Nc6
Re2 28. Nxb8 Bf5 29. Rg3 Qf4 30. Qa7 Qd2 31. h3 Qb2 32. Rf1 h5 33. Nc6 h4 34.
Rf3 Be6 35. Nd4 1-0

[Event "ODJM B 2022"]
[Site "Willingen GER"]
[Date "2022.06.08"]
[Round "6"]
[White "Uhlmann, Jonas"]
[Black "Wehrle, Valentin"]
[Result "1/2-1/2"]
[Termination "normal"]
[Board "25"]
[WhiteElo "1315"]
[BlackElo "1522"]
[PlyCount "50"]
[WhiteFideId "16258576"]
[BlackFideId "65600355"]
[EventCountry "GER"]
[EventRounds "9"]
[EventType "swiss"]
[EventDate "2022.06.04"]

1. e4 c5 2. Nf3 e6 3. d4 cxd4 4. Nxd4 Nf6 5. Nc3 d6 6. Be3 Be7 7. f3 d5 8. exd5
Nxd5 9. Qd2 Nxe3 10. Qxe3 O-O 11. O-O-O Bc5 12. Qe5 Bxd4 13. Rxd4 Nc6 14. Rxd8
Nxe5 15. Rxf8+ Kxf8 16. Be2 Bd7 17. Rd1 Ke7 18. Ne4 h6 19. f4 Bc6 20. Nc3 Nd7
21. g3 a6 22. a4 Nc5 23. b3 Rd8 24. Rxd8 Kxd8 25. Kd2 Ne4+ 1/2-1/2

[Event "ODJM B 2022"]
[Site "Willingen GER"]
[Date "2022.06.08"]
[Round "6"]
[White "Bakó, Evelin"]
[Black "Hornstein, Leonhard Orell"]
[Result "0-1"]
[Termination "normal"]
[Board "26"]
[WhiteElo "1214"]
[BlackElo "1214"]
[PlyCount "48"]
[WhiteFideId "16271823"]
[BlackFideId "16254643"]
[EventCountry "GER"]
[EventRounds "9"]
[EventType "swiss"]
[EventDate "2022.06.04"]

1. e4 d5 2. exd5 Qxd5 3. Nc3 Qa5 4. d4 Nf6 5. Nf3 Bg4 6. h3 Bh5 7. Bd2 Qb6 8.
Bf4 Qxb2 9. Nb5 Na6 10. Rb1 Qxa2 11. Nxc7+ Nxc7 12. Bxc7 Bxf3 13. gxf3 Rc8 14.
Rxb7 Rxc7 15. Rb8+ Kd7 16. Bb5+ Kd6 17. Rd8+ Nd7 18. c4 e6 19. d5 Kc5 20. Rxd7
Rxd7 21. Bxd7 Qxc4 22. dxe6 fxe6 23. Rg1 Kb6 24. Rg4 Bb4+ 0-1

[Event "ODJM B 2022"]
[Site "Willingen GER"]
[Date "2022.06.08"]
[Round "6"]
[White "Vollmer, Jan"]
[Black "Keuper, David"]
[Result "1/2-1/2"]
[Termination "normal"]
[Board "27"]
[WhiteElo "1540"]
[BlackElo "1243"]
[PlyCount "54"]
[WhiteFideId "16287649"]
[BlackFideId "16287568"]
[EventCountry "GER"]
[EventRounds "9"]
[EventType "swiss"]
[EventDate "2022.06.04"]

1. e4 c5 2. Nf3 e6 3. d4 cxd4 4. Nxd4 a6 5. a4 Qc7 6. c4 Nc6 7. Nc3 Nf6 8. Be3
Be7 9. Be2 O-O 10. O-O b6 11. f4 d6 12. f5 Ne5 13. fxe6 fxe6 14. b3 Qd7 15. Nf3
Nxf3+ 16. Bxf3 Rb8 17. Qd2 Qe8 18. Bf4 e5 19. Bg5 Bd7 20. Nd5 Nxd5 21. Qxd5+
Kh8 22. Bxe7 Qxe7 23. Rad1 Rf6 24. Rd2 Qf8 25. Rfd1 Rg6 26. Rf1 Rf6 27. Rff2
Qe8 1/2-1/2